Journal of Japanese trade and industry

में बचाया:
ग्रंथसूची विवरण
स्वरूप: पुस्तक
भाषा:Undetermined
प्रकाशित: Victoria, Australia Thompson Delmar Learning 200
टैग : टैग जोड़ें
कोई टैग नहीं, इस रिकॉर्ड को टैग करने वाले पहले व्यक्ति बनें!
Thư viện lưu trữ: Trung tâm Học liệu Trường Đại học Cần Thơ
LEADER 00403nam a2200145Ia 4500
001 CTU_105036
008 210402s9999 xx 000 0 und d
082 |a 330.0952 
082 |b J86 
245 0 |a Journal of Japanese trade and industry 
260 |a Victoria, Australia 
260 |b Thompson Delmar Learning 
260 |c 200 
904 |i Truc 
980 |a Trung tâm Học liệu Trường Đại học Cần Thơ